Statistiken für VfB Stuttgart - Bundesliga-Rekordspieler (TOP 50)

Klicken Sie hier um das Quiz zu spielen!

Allgemein

  • Dieses Quiz wurde 53 mal gespielt
  • Das Durchschnittsergebnis liegt bei 16 aus 50

Antwortstatistiken

PlatzNameNationGeburtstagEinsätze% Korrekt
10CacauDeutschland / Brasilien27.03.1981263
80%
33Mario GómezDeutschland / Spanien10.07.1985168
80%
12Krasimir BalakovBulgarien29.03.1966236
77%
8Christian GentnerDeutschland14.08.1985278
70%
35Aleksandr HlebBelarus01.05.1981164
66%
1Karl AllgöwerDeutschland05.01.1957338
66%
15Timo HildebrandDeutschland05.04.1979221
66%
16Fritz WalterDeutschland21.07.1960216
57%
41Jürgen KlinsmannDeutschland30.07.1964156
57%
46Fredi BobicDeutschland30.10.1971148
55%
26Serdar TasciDeutschland / Türkei24.04.1987181
55%
5Zvonimir SoldoKroatien02.11.1967301
55%
30Fernando MeiraPortugal05.06.1978173
52%
3Guido BuchwaldDeutschland24.01.1961325
52%
31Martin HarnikÖsterreich / Deutschland10.06.1987173
52%
49Hansi MüllerDeutschland27.07.1957143
48%
44Arthur BokaElfenbeinküste02.04.1983154
43%
38Matthieu DelpierreFrankreich26.04.1981162
43%
21Ásgeir SigurvinssonIsland08.05.1955194
39%
14Bernd FörsterDeutschland03.05.1956222
39%
6Eike ImmelDeutschland27.11.1960287
39%
2Günther SchäferDeutschland09.06.1962331
39%
9Karlheinz FörsterDeutschland25.07.1958272
39%
27Sven UlreichDeutschland03.08.1988176
39%
4Hermann OhlicherDeutschland02.11.1949318
32%
42Andreas HinkelDeutschland26.03.1982156
20%
47Georg NiedermeierDeutschland26.02.1986148
20%
7Helmut RolederDeutschland09.10.1953280
20%
32Maurizio GaudinoDeutschland / Italien12.12.1966171
20%
23Thomas BertholdDeutschland12.11.1964191
18%
36Silvio MeißnerDeutschland19.01.1973164
16%
45Gilbert GressFrankreich / Schweiz17.12.1941149
14%
11Willi EntenmannDeutschland25.09.1943237
14%
24Karl-Heinz HandschuhDeutschland30.11.1947185
9%
37Michael FrontzeckDeutschland26.03.1964163
9%
25Erwin HadewiczDeutschland02.04.1951184
7%
28Gerhard PoschnerDeutschland23.09.1969176
7%
18Walter KelschDeutschland03.09.1955202
7%
40Alexander StrehmelDeutschland20.03.1968158
5%
34Andreas BuckDeutschland29.12.1967165
5%
43Bernd MartinDeutschland10.02.1955154
5%
48Günter SawitzkiDeutschland22.11.1932146
5%
20Hans EiseleDeutschland07.08.1940196
5%
29Jürgen HartmannDeutschland27.10.1962174
5%
13Manfred WeidmannDeutschland15.01.1945234
5%
22Gerhard HeinzeDeutschland30.11.1948193
2%
17Hans ArnoldDeutschland08.04.1941204
2%
50Klaus-Dieter SieloffDeutschland27.02.1942141
2%
19Reinhold ZechDeutschland27.05.1948197
2%
39Theodor HoffmannDeutschland05.07.1940160
2%

Verteilung der Resultate

Perzentil nach korrekt beantworteten Fragen

Anzahl Personen mit jedem Resultat

Ihre Resultats-Entwicklung

Sie haben dieses Quiz noch nicht gespielt